[Event "Trondheim CC-ch A"]
[Site "Trondheim"]
[Date "2020.03.02"]
[Round "6"]
[White "Hauan, Tore Martin Madsoe"]
[Black "Stai, Sondre"]
[Result "0-1"]
[WhiteElo "1600"]
[BlackElo "1659"]
[PlyCount "88"]
[EventDate "2020.01.20"]
[EventType "tourn"]
[EventRounds "9"]
[EventCountry "NOR"]
[SourceTitle "EXT 2024"]
[Source "ChessBase"]
[SourceDate "2023.10.10"]
[SourceVersion "1"]
[SourceVersionDate "2023.10.10"]
[SourceQuality "1"]

1. d4 d5 2. c4 c6 3. Nc3 Nf6 4. Nf3 e6 5. Bf4 dxc4 6. a4 Bb4 7. e3 b5 8. axb5 cxb5 9. Bxb8 Rxb8 10. Rxa7 0-0 11. Be2 Qb6 12. Ra1 Bb7 13. 0-0 Rfd8 14. Qc2 Rbc8 15. Rfc1 Qc6 16. Ne1 Be7 17. Bf3 Qb6 18. Bxb7 Qxb7 19. Nf3 Rd7 20. Ra5 b4 21. Ne2 Rdc7 22. Rca1 c3 23. Ra7 cxb2 24. Qxb2 Qe4 25. Rxc7 Rxc7 26. Ng3 Qb7 27. Ne5 h6 28. Qa2 b3 29. Qa8+ Qxa8 30. Rxa8+ Kh7 31. Rb8 Rc1+ 32. Nf1 Rb1 33. Nxf7 Ne4 34. Rh8+ Kg6 35. Ne5+ Kf6 36. Ng4+ Kf5 37. Ne5 Nd2 38. g4+ Ke4 39. f3+ Kd5 40. e4+ Kd6 41. Nf7+ Kc7 42. d5 Rxf1+ 43. Kg2 b2 44. d6+ Bxd6 0-1

[Event "Trondheim CC-ch A"]
[Site "Trondheim"]
[Date "2020.02.10"]
[Round "4"]
[White "Hauan, Tore Martin Madsoe"]
[Black "Stenhaug, Andreas"]
[Result "0-1"]
[WhiteElo "1600"]
[BlackElo "1571"]
[PlyCount "52"]
[EventDate "2020.01.20"]
[EventType "tourn"]
[EventRounds "9"]
[EventCountry "NOR"]
[SourceTitle "EXT 2024"]
[Source "ChessBase"]
[SourceDate "2023.10.10"]
[SourceVersion "1"]
[SourceVersionDate "2023.10.10"]
[SourceQuality "1"]

1. d4 Nf6 2. c4 e6 3. Nc3 Bb4 4. Qc2 0-0 5. Nf3 d5 6. e3 b6 7. cxd5 exd5 8. Bd2 Re8 9. Bd3 Bb7 10. 0-0 Nbd7 11. Rac1 c5 12. dxc5 bxc5 13. a3 Ba5 14. Rfd1 Rc8 15. Qa4 Bb6 16. Ne2 c4 17. Bf5 Nc5 18. Qc2 Rc7 19. Bc3 Nfe4 20. Ng3 Nd3 21. Nxe4 dxe4 22. Ne1 Qg5 23. Bh3 Nxf2 24. Kf1 Bxe3 25. Qa4 Rce7 26. Rc2 Nxd1 0-1

[Event "NOR-ch Class3"]
[Site "Lillehammer"]
[Date "2013.06.29"]
[Round "9"]
[White "Gasoy, Joakim"]
[Black "Hauan, Tore Martin Madsoe"]
[Result "1/2-1/2"]
[WhiteElo "1277"]
[BlackElo "1367"]
[PlyCount "61"]
[EventDate "2013.06.29"]
[EventType "swiss"]
[EventRounds "9"]
[EventCountry "NOR"]
[SourceTitle "EXT 2017"]
[Source "ChessBase"]
[SourceDate "2016.10.25"]
[SourceVersion "1"]
[SourceVersionDate "2016.10.25"]
[SourceQuality "1"]

1. e4 e5 2. Nf3 Nc6 3. d4 exd4 4. Nxd4 Nf6 5. Nxc6 bxc6 6. Bd3 Bc5 7. 0-0 0-0 8. Bg5 d6 9. Nd2 Re8 10. c3 a5 11. Nb3 Bb6 12. Nd4 c5 13. Nc6 Qd7 14. Bxf6 Qxc6 15. Bh4 c4 16. Bc2 Bb7 17. Re1 Re6 18. Kh1 Rae8 19. Ba4 Qc5 20. Bxe8 Rxe8 21. Qg4 Re6 22. Bg3 h5 23. Qh4 Rg6 24. e5 Qd5 25. Rg1 Bxf2 26. e6 fxe6 27. Rad1 Qc6 28. Qxh5 Bxg1 29. Rxg1 Qe4 30. Qb5 Rxg3 31. Qe8+ 1/2-1/2

[Event "NOR-ch Class3"]
[Site "Lillehammer"]
[Date "2013.06.29"]
[Round "1"]
[White "Kroken, John Olav"]
[Black "Hauan, Tore Martin Madsoe"]
[Result "1-0"]
[WhiteElo "1275"]
[BlackElo "1367"]
[PlyCount "83"]
[EventDate "2013.06.29"]
[EventType "swiss"]
[EventRounds "9"]
[EventCountry "NOR"]
[SourceTitle "EXT 2017"]
[Source "ChessBase"]
[SourceDate "2016.10.25"]
[SourceVersion "1"]
[SourceVersionDate "2016.10.25"]
[SourceQuality "1"]

1. d4 d5 2. Bf4 Nf6 3. e3 g6 4. Nf3 Bg7 5. c4 c6 6. Nc3 0-0 7. Qb3 e6 8. Be2 Nbd7 9. h3 Re8 10. 0-0 Qb6 11. Rfc1 Nh5 12. Bh2 f5 13. cxd5 exd5 14. Na4 Qxb3 15. axb3 Nhf6 16. b4 Ne4 17. Nc3 Ndf6 18. b5 Bd7 19. bxc6 bxc6 20. Ba6 Bc8 21. Nxe4 dxe4 22. Ne5 Rb8 23. Bxc8 Rexc8 24. Nxc6 Rb7 25. Ne7+ Rxe7 26. Rxc8+ Kf7 27. Rc7 Rxc7 28. Bxc7 Nd5 29. Rxa7 Ke6 30. Ba5 Bf8 31. Rxh7 f4 32. Bd2 fxe3 33. fxe3 Bd6 34. Rh6 Kf5 35. g4+ Kg5 36. Rh8 Nb6 37. Re8 Nc4 38. Bc1 Kh4 39. Kg2 Ne5 40. dxe5 Bxe5 41. Rxe5 g5 42. Kf1 1-0

[Event "Oslo Elo op"]
[Site "Oslo"]
[Date "2012.09.30"]
[Round "9"]
[White "Hauan, Tore Martin Madsoe"]
[Black "Roholdt, Njaal"]
[Result "0-1"]
[WhiteElo "1700"]
[BlackElo "1761"]
[PlyCount "64"]
[EventDate "2012.09.30"]
[EventType "swiss"]
[EventRounds "9"]
[EventCountry "NOR"]
[SourceTitle "EXT 2013"]
[Source "ChessBase"]
[SourceDate "2012.11.22"]
[SourceVersion "1"]
[SourceVersionDate "2012.11.22"]
[SourceQuality "1"]

1. d4 f5 2. c4 Nf6 3. Nc3 e6 4. g3 Be7 5. Bg2 0-0 6. e4 fxe4 7. Nxe4 Nxe4 8. Bxe4 d5 9. cxd5 exd5 10. Bg2 Bb4+ 11. Bd2 Qe7+ 12. Ne2 c6 13. 0-0 Bg4 14. f3 Bf5 15. a3 Bd6 16. Re1 Qc7 17. Nf4 Qb6 18. Bc3 Bxf4 19. gxf4 Nd7 20. Re7 Nf6 21. Qd2 Rae8 22. Rae1 Rxe7 23. Rxe7 Nh5 24. Qe3 Qd8 25. Rxb7 Re8 26. Qc1 Qh4 27. Qf1 Nxf4 28. Qf2 Ne2+ 29. Kf1 Qxh2 30. Be1 Nf4 31. Qg3 Rxe1+ 32. Kf2 Qg1# 0-1

[Event "Trondheim tt U26"]
[Site "Trondheim"]
[Date "2007.04.29"]
[Round "4"]
[White "Hauan, Tore Martin Madsoe"]
[Black "Ulvik, Steinar"]
[Result "0-1"]
[WhiteElo "1284"]
[BlackElo "1370"]
[PlyCount "90"]
[EventDate "2007.04.28"]
[EventType "team"]
[EventRounds "5"]
[EventCountry "NOR"]
[SourceTitle "EXT 2008"]
[Source "ChessBase"]
[SourceDate "2007.11.25"]
[SourceVersion "1"]
[SourceVersionDate "2007.11.25"]
[SourceQuality "1"]

1. c4 f5 2. d4 Nf6 3. Nc3 e6 4. Nf3 c6 5. Bf4 d5 6. c5 Be7 7. e3 Nbd7 8. Bd3 Ne4 9. Ne5 Nxe5 10. Bxe5 Bf6 11. Bxf6 Nxf6 12. 0-0 Qc7 13. b4 a6 14. a4 Ng4 15. f4 Nxe3 16. Qf3 Nxf1 17. Kxf1 Qe7 18. Re1 0-0 19. Re5 Bd7 20. Ne2 Qh4 21. Qg3 Qxg3 22. Nxg3 g6 23. Ne2 a5 24. bxa5 Rxa5 25. Nc3 Rfa8 26. Bc2 Kf7 27. Re1 Ke7 28. Rb1 R5a7 29. Ke2 Kd8 30. Rb2 Kc7 31. Kf3 Rb8 32. g4 fxg4+ 33. Kxg4 e5+ 34. Kg5 e4 35. Kh6 Bf5 36. h4 Rg8 37. Kxh7 Raa8 38. Kh6 Raf8 39. Kg5 Rh8 40. Bd1 Bc8 41. Rf2 Rf5+ 42. Kxg6 Rxh4 43. Ne2 Rg4+ 44. Kh6 Rf8 45. Kh7 Bf5+ 0-1